[Event "SVK-chT2B 1617"]
[Site "Slovakia"]
[Date "2016.10.09"]
[Round "2.8"]
[White "Gyarmati, Tichomir"]
[Black "Vrbica, Ladislav"]
[Result "1/2-1/2"]
[WhiteElo "1866"]
[BlackElo "1967"]
[PlyCount "43"]
[EventDate "2016.10.08"]
[EventType "team-tourn"]
[EventRounds "11"]
[EventCountry "SVK"]
[SourceTitle "CBM 175 Extra"]
[Source "ChessBase"]
[SourceDate "2016.12.12"]
[SourceVersion "1"]
[SourceVersionDate "2016.12.12"]
[SourceQuality "1"]
[WhiteTeam "Batorove Kosihy"]
[BlackTeam "Povazska Bystrica II"]
[WhiteTeamCountry "SVK"]
[BlackTeamCountry "SVK"]

1. d4 d5 2. Nf3 Nf6 3. c4 c6 4. Nc3 e6 5. g3 Nbd7 6. Bg2 Bd6 7. 0-0 0-0 8. Re1 b6 9. e4 dxe4 10. Nxe4 Nxe4 11. Rxe4 Bb7 12. Ng5 Nf6 13. Rh4 Be7 14. Qc2 g6 15. Bf4 Nd7 16. Nxh7 Bxh4 17. Nxf8 Nxf8 18. gxh4 Qxh4 19. Bg3 Qe7 20. Qe4 Rd8 21. Rd1 Rd7 22. Qe3 1/2-1/2

[Event "SVK-chT2B 1617"]
[Site "Slovakia"]
[Date "2016.10.08"]
[Round "1.8"]
[White "Vrbica, Ladislav"]
[Black "Joba, Arpad"]
[Result "1/2-1/2"]
[WhiteElo "1967"]
[BlackElo "1984"]
[PlyCount "65"]
[EventDate "2016.10.08"]
[EventType "team-tourn"]
[EventRounds "11"]
[EventCountry "SVK"]
[SourceTitle "CBM 175 Extra"]
[Source "ChessBase"]
[SourceDate "2016.12.12"]
[SourceVersion "1"]
[SourceVersionDate "2016.12.12"]
[SourceQuality "1"]
[WhiteTeam "Povazska Bystrica II"]
[BlackTeam "Komarno"]
[WhiteTeamCountry "SVK"]
[BlackTeamCountry "SVK"]

1. c4 Nf6 2. Nc3 g6 3. g3 Bg7 4. Bg2 0-0 5. e3 d6 6. Nge2 c6 7. 0-0 e5 8. d4 Nbd7 9. b3 h5 10. Ba3 Ne8 11. dxe5 Nxe5 12. Qd2 Bh3 13. f4 Bxg2 14. Kxg2 Qa5 15. Bb2 Ng4 16. Rad1 Nef6 17. h3 Nh6 18. Ne4 Qxd2 19. Nxf6+ Bxf6 20. Rxd2 Bxb2 21. Rxb2 Rfe8 22. Kf3 f5 23. Re1 Re4 24. Nc3 Re6 25. e4 Rae8 26. Rbe2 Kf7 27. Nd1 fxe4+ 28. Rxe4 Rxe4 29. Rxe4 Rd8 30. g4 Ng8 31. Ne3 Nf6 32. Rd4 Ke6 33. Rd1 1/2-1/2

[Event "SVK-chT3B2 1415"]
[Site "Slovakia"]
[Date "2015.01.18"]
[Round "5.3"]
[White "Hoppan, Igor"]
[Black "Vrbica, Ladislav"]
[Result "0-1"]
[WhiteElo "1628"]
[BlackElo "1974"]
[PlyCount "98"]
[EventDate "2014.10.05"]
[EventType "team-tourn"]
[EventRounds "14"]
[EventCountry "SVK"]
[SourceTitle "EXT 2019"]
[Source "ChessBase"]
[SourceDate "2018.10.10"]
[SourceVersion "1"]
[SourceVersionDate "2018.10.10"]
[SourceQuality "1"]

1. e4 c5 2. Nf3 d6 3. d4 cxd4 4. Nxd4 Nf6 5. Nc3 a6 6. Bd3 e6 7. 0-0 Be7 8. Re1 Qc7 9. Bd2 0-0 10. Qf3 b5 11. e5 Bb7 12. exd6 Bxd6 13. Qh3 g6 14. Bg5 Nh5 15. g4 Nf4 16. Qh6 Re8 17. h4 Nh3+ 18. Kf1 Nxg5 19. Qxg5 Bf4 20. Qf6 Nd7 21. Ndxb5 axb5 22. Nxb5 Qb8 23. Qd4 Rd8 24. Qc3 Ne5 25. Be2 Bd5 26. a4 Qb7 27. Rad1 Rxa4 28. Rd4 Rxd4 29. Nxd4 Rc8 30. Qa3 Nc4 31. Bxc4 Rxc4 32. c3 Rc8 33. Ne2 Bh2 34. Ra1 Ra8 35. Qxa8+ Qxa8 36. Rxa8+ Bxa8 37. Nd4 Kf8 38. Ke2 Ke7 39. Kd3 e5 40. Ne2 Kd6 41. b3 f5 42. gxf5 gxf5 43. f4 Bb7 44. c4 Kc5 45. fxe5 Bxe5 46. Nc1 f4 47. Ke2 f3+ 48. Kf2 Bd4+ 49. Kg3 Kb4 0-1

[Event "SVK-chT3B2 1112"]
[Site "Slovakia"]
[Date "2011.11.27"]
[Round "3.5"]
[White "Marak, Peter"]
[Black "Vrbica, Ladislav"]
[Result "0-1"]
[WhiteElo "1883"]
[BlackElo "1981"]
[PlyCount "132"]
[EventDate "2011.10.23"]
[EventType "team-tourn"]
[EventRounds "9"]
[EventCountry "SVK"]
[SourceTitle "EXT 2013"]
[Source "ChessBase"]
[SourceDate "2012.11.22"]
[SourceVersion "1"]
[SourceVersionDate "2012.11.22"]
[SourceQuality "1"]
[WhiteTeam "Nove Mesto nad Vahom"]
[BlackTeam "Povazska Bystrica Sparta II"]
[WhiteTeamCountry "SVK"]
[BlackTeamCountry "SVK"]

1. Nf3 Nf6 2. g3 d5 3. d4 e6 4. Bg2 c5 5. 0-0 Nc6 6. c3 Be7 7. dxc5 Bxc5 8. Bg5 0-0 9. Bxf6 Qxf6 10. e3 b6 11. Nd4 Bb7 12. Nxc6 Bxc6 13. Nd2 Qf5 14. Nb3 Bb7 15. Nd4 Qf6 16. Qf3 Qe7 17. Rfd1 g6 18. Nb3 Rab8 19. Nxc5 bxc5 20. Qe2 Rfd8 21. b3 Rd6 22. Qc2 e5 23. Rd2 Rbd8 24. Rad1 Qc7 25. Qb2 Qb6 26. Qc2 a5 27. Qb2 Bc6 28. a3 f5 29. b4 e4 30. bxa5 Qxa5 31. c4 Ba4 32. Rc1 d4 33. exd4 Rxd4 34. Rxd4 Rxd4 35. Qb8+ Rd8 36. Qe5 Qb6 37. h4 Rd3 38. Bf1 Rxa3 39. Qd5+ Kf8 40. Qa8+ Kg7 41. Qd5 Qb2 42. Re1 Qd4 43. Qb7+ Bd7 44. Qb1 Rxg3+ 45. Bg2 Rd3 46. Bf1 Rd2 47. Re2 Rxe2 48. Bxe2 f4 49. Qb7 Kf6 50. Qb6+ Ke7 51. h5 Qd6 52. Qb2 Qf6 53. Qb7 Qg5+ 54. Kf1 Qf5 55. hxg6 hxg6 56. Ke1 f3 57. Bd1 Qe5 58. Bb3 Qc3+ 59. Kd1 Qd4+ 60. Ke1 Kf6 61. Qb6+ Kf5 62. Qb8 Qc3+ 63. Kd1 Qd3+ 64. Kc1 Qf1+ 65. Bd1 Qxc4+ 66. Kb1 Qb4+ 0-1

[Event "SVK-chT3B2 1112"]
[Site "Slovakia"]
[Date "2011.10.23"]
[Round "1.4"]
[White "Banic, Marek"]
[Black "Vrbica, Ladislav"]
[Result "1/2-1/2"]
[WhiteElo "1897"]
[BlackElo "1981"]
[PlyCount "48"]
[EventDate "2011.10.23"]
[EventType "team-tourn"]
[EventRounds "9"]
[EventCountry "SVK"]
[SourceTitle "EXT 2013"]
[Source "ChessBase"]
[SourceDate "2012.11.22"]
[SourceVersion "1"]
[SourceVersionDate "2012.11.22"]
[SourceQuality "1"]
[WhiteTeam "Povazska Bystrica Sparta III"]
[BlackTeam "Povazska Bystrica Sparta II"]
[WhiteTeamCountry "SVK"]
[BlackTeamCountry "SVK"]

1. e4 c5 2. c3 d5 3. exd5 Qxd5 4. d4 Nf6 5. Nf3 Bg4 6. dxc5 Qxc5 7. Na3 e6 8. Be3 Qa5 9. Nc4 Qc7 10. Qa4+ Qc6 11. Qxc6+ Nxc6 12. Nfe5 Nxe5 13. Nxe5 Bd6 14. Nxg4 Nxg4 15. Bb5+ Ke7 16. Bd2 a6 17. Be2 Ne5 18. 0-0 Rhd8 19. Rad1 b5 20. Bf4 Rac8 21. Rfe1 Nc4 22. Bxd6+ Rxd6 23. Bxc4 Rxd1 24. Rxd1 Rxc4 1/2-1/2